000 01289nam a2200277Ia 4500
001 20010
003 DO-CoUTE
005 20260204212505.0
008 220102s9999 dr 000 0 spa d
040 _aDO-CoUTE
_bspa
_cDO-CoUTE
041 0 _aspa
090 _aEDU-OR 2019 B35
100 1 _aBelén Rodríguez, Keyla Mariel
_esustentante
245 1 0 _aRol del orientador en el rendimiento académico de los niños en jornada extendida, Distrito Educativo 16-01 / Keyla Mariel Belén Rodríguez, Eridania Lantigua López, Mariel Eunise Belén Rodríguez. ; asesor Carmen Lidia Fabián Hernández
260 _aCotuí, República Dominicana :
_bUTECO,
_c2019
300 _a74 hojas :
_bIlustraciones ;
_c28cm.
502 _aTrabajo de grado (Licenciatura en Educación, Mención Orientación Escolar)--Universidad Tecnológica del Cibao Oriental, 2019
504 _aIncluye referencia bibliográfica e índice
650 4 _aRol del orientador en el rendimiento académico
700 1 _aBelén Rodríguez, Mariel Eunise
_esustentante
700 1 _aLantigua López, Eridania
_esustentante
830 0 _aTesis y disertaciones académicas (Universidad Tecnológica del Cibao Oriental)
942 _2LC
_cTH
999 _c19672
_d19672